JURU BICARA AL-QURAN

Bibliographic Details
Main Author: Mohd Hafizy Ramly (Author)
Format: Book
Language:Malay
Published: Kajang, Selangor : KUISCELL SDN. BHD. 2014
Subjects:

MARC

LEADER 00000cam a2200000 7i4500
001 0000028609
005 20221223.0
008 190909 my may
020 |a 9789671171431 
040 |a INS   |b eng   |e rda 
090 0 0 |a BP130   |b M6 2014 
100 0 |a Mohd Hafizy Ramly ,   |e author 
245 1 0 |a JURU BICARA AL-QURAN   |c HAFIZY RAMLY 
264 1 |a Kajang, Selangor :   |b KUISCELL SDN. BHD.   |c 2014 
264 4 |c ©2014 
300 |a viii, 122 pages ;   |c 21 cm. 
336 |a text  |2 rdacontent 
337 |a unmediated  |2 rdamedia 
338 |a volume  |2 rdacarrier 
500 |a Contain verses from the Quran 
504 |a Includes bibliographical references: pages vii-xii 
650 0 |a Qur'an   |x Criticims, Interpretation, etc. 
650 0 |a Qur'an   |x History 
650 0 |a Qur'an   |x Theory 
999 |a 0000023829   |b BOOK   |c Open Shelf   |e Default branch